[Event "AUTO-OPEN-616"]
[Site "http://www.queenalice.com/game.php?id=294353"]
[Date "2007.10.28"]
[Round "3"]
[White "grandeuberlandia"]
[Black "Plis"]
[Result "0-1"]
[WhiteElo "2207"]
[BlackElo "2268"]

1. d4 Nf6 2. Nf3 d5 3. Bf4 c5 4. e3 Nc6 5. c3 Qb6 6. Qb3 c4 7. Qxb6 axb6 8. Na3
Bf5 9. Nb5 Ra5 10. a4 Bc2 11. Nc7+ Kd7 12. Ng5 Bg6 13. Nb5 e6 14. Be2 Be7 15.
Bd1 Nh5 16. Nh3 Rha8 17. Rc1 Rxa4 18. Bxa4 Rxa4 19. Bg5 f6 20. Bh4 Ra2 21. Rg1
Bd3 22. g4 g5 23. gxh5 gxh4 24. Rg7 Rxb2 25. Nf4 Bf5 26. Na3 Ra2 27. Nxc4 dxc4
28. f3 Rxh2 29. e4 Rh1+ 30. Kd2 Rxc1 31. Kxc1 h3 32. Rg1 h2 33. Rh1 Bd6 34. Ne2
Bh3 35. f4 Bg2 36. Rxh2 Bxe4 37. Rh4 Ne7 38. Kb2 Nd5 39. Rg4 Kc6 40. Rg8 Bf3 41.
Ng1 Bxh5 42. f5 e5 43. Rc8+ Kb5 44. Rd8 Be7 45. Rxd5+ Kc6 46. Rxe5 fxe5 47. dxe5
Kd5 48. f6 Bc5 0-1

[Event "AUTO-OPEN-616"]
[Site "http://www.queenalice.com/game.php?id=294354"]
[Date "2007.10.28"]
[Round "3"]
[White "Plis"]
[Black "grandeuberlandia"]
[Result "1-0"]
[WhiteElo "2255"]
[BlackElo "2211"]

1. e4 d5 2. exd5 Nf6 3. d4 Nxd5 4. Nf3 Bg4 5. Be2 e6 6. O-O Be7 7. h3 Bf5 8. a3
O-O 9. c4 Nf6 10. Nc3 Nbd7 11. Nh4 Be4 12. Re1 Bc6 13. Nf3 b6 14. Bf4 Bb7 15.
Qc2 Bd6 16. Ne5 a6 17. Bd3 Re8 18. Rad1 h6 19. b4 Qe7 20. c5 bxc5 21. bxc5 Bxe5
22. dxe5 Nd5 23. Nxd5 Bxd5 24. Rc1 Reb8 25. Re3 Kh8 26. c6 Nf8 27. Qd2 Qxa3 28.
Bxh6 Rb2 29. Bxg7+ Kg8 30. Qd1 Kxg7 31. Qg4+ Ng6 32. Bxg6 Qb4 33. Be4+ Kf8 34.
Rg3 Bxe4 35. Qg7+ Ke7 36. Qf6+ Kf8 37. Rg7 Qe7 38. Qh6 1-0

[Event "AUTO-OPEN-456"]
[Site "http://www.queenalice.com/game.php?id=316629"]
[Date "2007.12.7"]
[Round "3"]
[White "grandeuberlandia"]
[Black "BigAlex"]
[Result "1-0"]
[WhiteElo "2204"]
[BlackElo "2134"]

1. d4 Nf6 2. c4 g6 3. Nf3 Bg7 4. Nc3 d6 5. e4 O-O 6. Be2 e5 7. O-O Nc6 8. d5 Ne7
9. Qc2 Bd7 10. c5 Nh5 11. Nb5 1-0

[Event "AUTO-OPEN-456"]
[Site "http://www.queenalice.com/game.php?id=316630"]
[Date "2007.12.7"]
[Round "3"]
[White "BigAlex"]
[Black "grandeuberlandia"]
[Result "0-1"]
[WhiteElo "2124"]
[BlackElo "2214"]

1. e4 d5 2. exd5 Nf6 3. Bb5+ Bd7 4. Bc4 Bg4 5. f3 Bf5 6. Nc3 Nbd7 7. Qe2 Nb6 8.
Bb3 Qd7 9. d3 Nbxd5 10. f4 Nxc3 0-1

[Event "AUTO-OPEN-456"]
[Site "http://www.queenalice.com/game.php?id=316633"]
[Date "2007.12.7"]
[Round "3"]
[White "grandeuberlandia"]
[Black "salso"]
[Result "1-0"]
[WhiteElo "2223"]
[BlackElo "2138"]

1. d4 Nf6 2. Nf3 d6 3. c4 g6 4. Nc3 Bg7 5. e4 O-O 6. Be2 c5 7. O-O cxd4 8. Nxd4
Nc6 9. Be3 Nxd4 10. Bxd4 Bd7 11. Qd2 Bc6 12. f3 Nd7 13. Be3 a5 14. b3 b6 15.
Rad1 f5 16. exf5 Rxf5 17. Nb5 Bxb5 18. cxb5 Qc7 19. Bd3 Rff8 20. Be4 Rac8 21.
Bd5+ Kh8 22. Be6 Rf6 23. Rc1 Rxe6 24. Rxc7 Rxc7 25. Re1 Kg8 26. Qd5 Kf7 27. Bxb6
Nxb6 28. Qxe6+ Kf8 29. a4 Bd4+ 30. Kf1 Nc8 31. Re4 Bf6 32. Rc4 Rxc4 33. bxc4 Nb6
34. c5 Nxa4 35. cxd6 Ke8 36. Qc8+ Kf7 37. Qc4+ 1-0

[Event "AUTO-OPEN-456"]
[Site "http://www.queenalice.com/game.php?id=316634"]
[Date "2007.12.7"]
[Round "3"]
[White "salso"]
[Black "grandeuberlandia"]
[Result "0-1"]
[WhiteElo "2105"]
[BlackElo "2218"]

1. d4 d5 2. e3 Nf6 3. Bd3 Nc6 4. Nf3 Bg4 5. h3 Bxf3 6. Qxf3 e5 7. dxe5 Nxe5 8.
Qe2 Bb4+ 9. Bd2 Qe7 10. Nc3 Nxd3+ 11. Qxd3 c6 12. O-O-O O-O 13. f3 Rad8 14. a3
Bc5 15. g4 Nd7 16. e4 Ne5 17. Qe2 Bxa3 18. exd5 Qb4 19. bxa3 Qxa3+ 20. Kb1 Qb4+
21. Ka1 Nc4 22. Bc1 Qxc3+ 23. Ka2 Qa5+ 24. Kb1 Qb6+ 25. Ka2 Qa6+ 26. Kb1 Na3+
27. Ka2 Qxe2 28. Kxa3 Qxf3+ 0-1

[Event "AUTO-OPEN-500"]
[Site "http://www.queenalice.com/game.php?id=339332"]
[Date "2008.1.20"]
[Round "3"]
[White "Gambitshark"]
[Black "grandeuberlandia"]
[Result "1-0"]
[WhiteElo "2541"]
[BlackElo "2249"]

1. e4 d5 2. exd5 Nf6 3. Nf3 Nxd5 4. d4 g6 5. Be2 Bg7 6. c4 Nf6 7. Nc3 O-O 8. O-O
Nbd7 9. Re1 c6 10. h3 Qc7 11. Bd3 Re8 12. Be3 e5 13. Qd2 Qd8 14. Bc2 exd4 15.
Bxd4 Nf8 16. Rxe8 Qxe8 17. Re1 Ne6 18. Be5 Qd7 19. Qe3 Qe7 20. Rd1 Ne8 21. Bxg7
Kxg7 22. Ne4 N6c7 23. g4 h6 24. Qd4+ Kg8 25. a3 Be6 26. Ne5 Qh4 27. Rd3 Qe7 28.
f4 Qh4 29. Rd2 Ng7 30. Qf2 Qxf2+ 31. Kxf2 h5 32. Kg3 hxg4 33. hxg4 a6 34. Nc5
Rb8 35. b4 Nce8 36. Kf3 Nc7 37. a4 Nce8 38. a5 Nc7 39. Ned7 Bxd7 40. Rxd7 Nce6
41. Nxb7 Rxb7 42. Rxb7 Nd4+ 43. Kg3 Nxc2 44. b5 cxb5 45. cxb5 Nb4 46. b6 Nc6 47.
Ra7 Nxa5 48. Rxa6 Nb7 49. Ra8+ Kh7 50. Ra7 Nd6 51. Rxf7 Nxf7 52. b7 Ne6 53. b8=Q
Kg7 54. Qb2+ Kg8 55. Qf6 Nf8 56. f5 Nh8 57. Kf4 gxf5 58. g5 Nfg6+ 59. Kxf5 Kh7
60. Kg4 Kg8 61. Kf5 Kh7 62. Ke6 Kg8 63. Qd8+ 1-0

[Event "AUTO-OPEN-500"]
[Site "http://www.queenalice.com/game.php?id=339333"]
[Date "2008.1.20"]
[Round "3"]
[White "grandeuberlandia"]
[Black "Gambitshark"]
[Result "0-1"]
[WhiteElo "2253"]
[BlackElo "2578"]

1. d4 Nf6 2. c4 g6 3. Nc3 Bg7 4. e4 d6 5. Nf3 O-O 6. Be2 c5 7. dxc5 dxc5 8. Qxd8
Rxd8 9. Be3 b6 10. Rd1 Rxd1+ 11. Bxd1 Bb7 12. Bc2 Nc6 13. h3 Rd8 14. a3 Nd4 15.
Bxd4 cxd4 16. Nd5 Nxd5 17. cxd5 Ba6 18. Kd2 Bh6+ 19. Kd1 d3 20. Ba4 b5 21. Bb3
Rc8 22. Nd2 b4 23. axb4 Bg7 24. Nf3 Bxb2 25. Kd2 Bc3+ 26. Ke3 Bxb4 27. Ra1 Bb5
28. e5 Rc3 29. Nd2 Bc5+ 30. Kf3 Bd4 31. Re1 Kf8 32. Re4 Bc5 33. Re1 a6 34. Ra1
Bd4 35. Re1 a5 36. Re4 Bc5 37. Ba4 Rc2 38. Bxb5 Rxd2 39. Rc4 Rxf2+ 40. Kg3 Rc2
41. Kf3 Rf2+ 42. Kg3 d2 43. Ba4 Bb6 44. Rc6 Bd4 45. Rc4 d1=Q 46. Bxd1 Rd2 47.
Kf3 Rxd1 48. Ke2 Rg1 49. Rxd4 Rxg2+ 50. Kf3 Rh2 51. h4 Rb2 52. Rc4 Rb5 53. d6
exd6 54. exd6 Rd5 55. Rc8+ Kg7 56. Ra8 Rxd6 57. Rxa5 h6 58. Ke4 Rf6 59. Ke3 Rf1
60. Ra2 g5 61. hxg5 hxg5 62. Ke2 Rf4 63. Ke3 Kg6 64. Ra7 Kh5 65. Rc7 f5 66. Rc2
Re4+ 67. Kf3 g4+ 68. Kf2 Kg5 69. Rc8 Ra4 70. Rc5 Kf4 71. Ke2 g3 0-1

[Event "AUTO-OPEN-490"]
[Site "http://www.queenalice.com/game.php?id=339521"]
[Date "2008.1.20"]
[Round "3"]
[White "extinsion_extelar"]
[Black "grandeuberlandia"]
[Result "0-1"]
[WhiteElo "1909"]
[BlackElo "2232"]

1. e4 d5 2. exd5 Nf6 3. Nf3 Nxd5 4. d4 Bg4 5. Be2 e6 6. h3 Bf5 7. O-O Bd6 8. c4
Nb4 9. Na3 Be4 10. Ng5 Bc6 11. Bd2 Be7 12. Nf3 O-O 13. Nb5 Bxb5 14. cxb5 Nd7 15.
Qb3 Nd5 16. Qc2 N7f6 17. Ne5 Rc8 18. Rac1 Qd6 19. Nc4 Qd7 20. Ne5 Qd6 21. Nc4
Qd8 22. Bf3 c6 23. bxc6 Rxc6 24. Qb3 Qa8 25. Ne5 Rb6 26. Qc2 Qe8 27. a4 Nb4 28.
Qd1 Nbd5 29. Nd3 Ra6 30. b3 Rc6 31. Rc4 Qb8 32. Ne5 Rc7 0-1

[Event "AUTO-OPEN-490"]
[Site "http://www.queenalice.com/game.php?id=339522"]
[Date "2008.1.20"]
[Round "3"]
[White "grandeuberlandia"]
[Black "extinsion_extelar"]
[Result "1-0"]
[WhiteElo "2234"]
[BlackElo "1906"]

1. d4 d5 2. Bg5 Nd7 3. e3 Ngf6 4. Bxf6 Nxf6 5. Nf3 e6 6. Nbd2 Bd6 7. Bd3 O-O 8.
O-O b6 9. c4 Bb7 10. cxd5 Nxd5 11. Rc1 Re8 12. Qb3 a5 13. a3 Nf6 14. Bb5 Rf8 15.
Bc6 Qc8 16. Rfd1 Rd8 17. Qa4 Bxc6 18. Qxc6 a4 19. Nc4 h6 20. Nfe5 Qa6 21. Qf3 b5
22. Nxd6 cxd6 23. Nc6 Rd7 24. Nb4 Qb7 25. Qxb7 Rxb7 26. Rc6 Rd8 27. f3 d5 28.
Rdc1 Ne8 29. Kf2 Nd6 30. Ke2 Nc4 31. Rc2 Kf8 32. Rc5 Ke8 33. Kd3 Kd7 34. e4 1-0

[Event "AUTO-OPEN-666"]
[Site "http://www.queenalice.com/game.php?id=362752"]
[Date "2008.2.28"]
[Round "3"]
[White "Bergman"]
[Black "grandeuberlandia"]
[Result "1-0"]
[WhiteElo "2443"]
[BlackElo "2259"]

1. e4 d5 2. exd5 Nf6 3. d4 Nxd5 4. c4 Nf6 5. Nf3 e6 6. Nc3 Bd6 7. Bd3 Nc6 8. Bg5
Be7 9. Bc2 O-O 10. O-O Nb4 11. Bb1 h6 12. Bh4 c5 13. dxc5 Bxc5 14. Qe2 Be7 15.
Rd1 Qc7 16. Bg3 Qb6 17. a3 Nc6 18. b4 Rd8 19. Bc2 a6 20. c5 Qa7 21. Rxd8+ Bxd8
22. Rd1 b6 23. Ne5 Bb7 24. Nxf7 Kxf7 25. Rd6 Nd4 26. Rxd4 Be7 27. Bb3 Bc8 28.
Ne4 bxc5 29. bxc5 Bxc5 30. Rc4 Nxe4 31. Qxe4 Bd7 32. Bc2 Re8 33. Bh4 Kf8 34. Rc3
g5 35. Qh7 1-0

[Event "AUTO-OPEN-666"]
[Site "http://www.queenalice.com/game.php?id=362753"]
[Date "2008.2.28"]
[Round "3"]
[White "grandeuberlandia"]
[Black "Bergman"]
[Result "0-1"]
[WhiteElo "2272"]
[BlackElo "2443"]

1. d4 Nf6 2. Nf3 g6 3. c4 Bg7 4. Nc3 d6 5. e4 O-O 6. Be2 e5 7. O-O Nbd7 8. dxe5
Nxe5 9. Nxe5 dxe5 10. Qc2 c6 11. Rd1 Qc7 12. Qd3 Be6 13. Qg3 Rfd8 14. Be3 b6 15.
Rab1 Ne8 16. Rbc1 Qe7 17. b3 Rxd1+ 18. Rxd1 Rd8 19. Rxd8 Qxd8 20. h3 f6 21. Qf3
Bf8 22. Na4 Nc7 23. Nb2 Bf7 24. Nd3 Ne6 25. Bf1 c5 26. h4 Bg7 27. Qh3 Qa8 28. f3
Qc8 29. h5 gxh5 30. g3 Qd8 31. Kh2 a5 32. Kg2 Nd4 33. Bf2 Bh6 34. Bg1 Kg7 35.
Bf2 a4 36. bxa4 Bd2 37. a5 Bxa5 38. Nc1 Bc3 39. Qh1 Nc6 40. Be3 Qd1 41. Bd3
Qxh1+ 42. Kxh1 Nb4 43. Be2 Nc2 0-1

[Event "AUTO-OPEN-666"]
[Site "http://www.queenalice.com/game.php?id=362754"]
[Date "2008.2.28"]
[Round "3"]
[White "dac"]
[Black "grandeuberlandia"]
[Result "0-1"]
[WhiteElo "2101"]
[BlackElo "2246"]

1. e4 d5 2. exd5 Nf6 3. Bb5+ Bd7 4. Bc4 Bg4 5. f3 Bc8 6. Nc3 Nbd7 7. d4 Nb6 8.
Bb3 Nbxd5 9. Nxd5 Nxd5 10. c4 Nf6 11. Ne2 e6 12. Nc3 Be7 13. Be3 O-O 14. O-O c6
15. Bc2 Qa5 16. Qe1 Qb4 17. Qe2 Qa5 18. Bf4 Nd7 19. a3 Qh5 20. Ne4 Re8 21. Rae1
Nf6 22. g4 Qa5 23. Qd3 Nxe4 24. fxe4 e5 25. Bxe5 Bxg4 26. Re3 Bh4 0-1

[Event "AUTO-OPEN-666"]
[Site "http://www.queenalice.com/game.php?id=362755"]
[Date "2008.2.28"]
[Round "3"]
[White "grandeuberlandia"]
[Black "dac"]
[Result "1-0"]
[WhiteElo "2254"]
[BlackElo "2091"]

1. d4 c5 2. d5 d6 3. c4 g6 4. Nc3 Bg7 5. Nf3 Nf6 6. e4 O-O 7. Be2 Qb6 8. O-O Na6
9. Rb1 Bd7 10. Bf4 h6 11. Re1 Rfe8 12. a3 Nc7 13. h3 g5 14. Be3 g4 15. hxg4 Nxg4
16. Bf4 Qa6 17. Bd3 e6 18. dxe6 Nxe6 19. Bg3 Rac8 20. Bf1 Nd4 21. Nxd4 cxd4 22.
Nd5 Qc6 23. Bh4 Be6 24. Ne7+ Rxe7 25. Bxe7 Ne5 26. Bh4 Nxc4 27. Rc1 1-0

[Event "AUTO-OPEN-392"]
[Site "http://www.queenalice.com/game.php?id=364882"]
[Date "2008.3.3"]
[Round "3"]
[White "marcosnatal"]
[Black "grandeuberlandia"]
[Result "1-0"]
[WhiteElo "2024"]
[BlackElo "2265"]

1. d4 d5 2. c4 c6 3. Nc3 Nf6 4. Qb3 dxc4 5. Qxc4 Nbd7 6. Nf3 Nb6 7. Qd3 g6 8. e4
Bg7 9. Be2 O-O 10. O-O Be6 11. a4 a5 12. Be3 Rc8 13. Rac1 h6 14. Ne5 Bb3 15. Bd1
Be6 16. f4 Qd6 17. Qc2 Nfd7 18. Ne2 Rfd8 19. Qc3 Ra8 20. Bb3 Ra6 21. Ng3 Bxb3
22. Qxb3 e6 23. Nxf7 Kxf7 24. f5 Ke8 25. fxg6 Bxd4 26. Kh1 Bxe3 27. Rcd1 Bd4 28.
Rxd4 Nd5 29. exd5 cxd5 30. Rdf4 1-0

[Event "AUTO-OPEN-392"]
[Site "http://www.queenalice.com/game.php?id=364883"]
[Date "2008.3.3"]
[Round "3"]
[White "grandeuberlandia"]
[Black "marcosnatal"]
[Result "1/2-1/2"]
[WhiteElo "2261"]
[BlackElo "2113"]

1. d4 d5 2. Bg5 f6 3. Bf4 Nc6 4. Nf3 Bf5 5. e3 g5 6. Bg3 h5 7. h3 e6 8. a3 Bd6
9. Bxd6 Qxd6 10. c4 O-O-O 11. c5 Qd7 12. b4 a6 13. b5 axb5 14. Bxb5 Nge7 15. Qa4
Kb8 16. Nbd2 g4 17. Nh4 Bh7 18. Ra2 Qe8 19. Rb2 Kc8 20. g3 Kd7 21. hxg4 hxg4 22.
Qd1 Ra8 23. a4 Bf5 24. Be2 Kc8 25. Bxg4 Bxg4 26. Qxg4 Ng6 27. Qd1 Ra7 28. Nb1 f5
29. Qf3 Nxh4 30. gxh4 Rxa4 31. Qd1 Ra7 32. Nc3 e5 33. Nb5 Ra5 34. Qb3 f4 35. Kd2
fxe3+ 36. Qxe3 1/2-1/2